LEADER 01177nam--2200337---450- 001 990003396720203316 005 20100510152231.0 035 $a000339672 035 $aUSA01000339672 035 $a(ALEPH)000339672USA01 035 $a000339672 100 $a20100510d2010----km-y0itay50------ba 105 $a||||||||001yy 200 1 $aManuale di revisione contabile per imprese industriali, commerciali e PMI$everifiche sindacali, controlli del revisore e relativi verbali$fAlberto Pesenato 205 $a3. ed 210 $aMilanofiori, Assago$cIpsoa$d2010 215 $aLV, 1641 p.$d24 cm$e1 cd-rom 225 2 $aRevisione, controllo e governance 410 0$12001$aRevisione, controllo e governance 606 0 $aBilanci$xRevisione$2BNCF 676 $a657.45 700 1$aPESENATO,$bAlberto$0373934 801 0$aIT$bsalbc$gISBD 912 $a990003396720203316 951 $a657.45 PES 1$b18667 E.C.$c657.45$d00258187 959 $aBK 969 $aECO 979 $aCHIARA$b90$c20100510$lUSA01$h1520 979 $aCHIARA$b90$c20100510$lUSA01$h1522 996 $aManuale di revisione contabile per imprese industriali, commerciali e PMI$91126704 997 $aUNISA